000 00401nam a22001697a 4500
003 OSt
005 20211111090324.0
008 211111b |||||||| |||| 00| 0 eng d
020 _a8131504093
040 _cHU
082 _a647
100 _aISMAIL AHEMED
_917822
245 _aFRONT OFFICE OPERATION AND MANAGEMENET
260 _aNEW DEHALI
_bINDIA
_c2002
300 _a355
942 _2ddc
_cBOOKS
_n0
999 _c17618
_d17618